3 + 3 = 5 Quiz Stats

 Plays Quiz not verified by Sporcle

Also try: 4 + 4 = 6
Challenge
Share
Tweet
Embed
Score 0/72 Timer 06:00
0 Plays Today
Hint Answer % Correct
First 3-Letter WordBUS
94.8%
First 3-Letter WordFAT
92.4%
First 3-Letter WordGOD
90.2%
First 3-Letter WordHER
89.4%
First 3-Letter WordLEG
87.4%
First 3-Letter WordSIT
86.6%
Second 3-Letter WordRON
86.3%
Second 3-Letter WordSTY
86.2%
First 3-Letter WordTOP
84.5%
Second 3-Letter WordPIC
83.6%
First 3-Letter WordWHO
82.8%
5-Letter WordBUSTY
82.4%
Second 3-Letter WordLID
82.3%
Second 3-Letter WordDEL
82.2%
5-Letter WordHERON
80.4%
Second 3-Letter WordOLÉ
78.3%
Second 3-Letter WordGOT
78.2%
First 3-Letter WordALL
77.7%
5-Letter WordTOPIC
77.3%
Second 3-Letter WordEGO
76.9%
First 3-Letter WordVAL
76.6%
Second 3-Letter WordTAR
76.5%
5-Letter WordWHOLE
74.1%
5-Letter WordSITAR
73.9%
Second 3-Letter WordAMI
73.5%
First 3-Letter WordDIE
73.3%
Second 3-Letter WordGAL
73.2%
First 3-Letter WordKAY
72.8%
First 3-Letter WordMIA
72.8%
5-Letter WordLEGAL
72.6%
5-Letter WordVALID
69.7%
First 3-Letter WordYOD
69.3%
5-Letter WordMIAMI
69.3%
5-Letter WordYODEL
68.8%
Second 3-Letter WordYAK
68%
5-Letter WordDIEGO
67%
Hint Answer % Correct
5-Letter WordKAYAK
66.4%
First 3-Letter WordCAR
65.6%
First 3-Letter WordROW
64.1%
Second 3-Letter WordDOT
62.3%
5-Letter WordGODOT
60%
First 3-Letter WordNOR
60%
5-Letter WordFATWA
56.4%
Second 3-Letter WordTWA
56.1%
First 3-Letter WordJAB
55.9%
Second 3-Letter WordROB
55.7%
First 3-Letter WordIMP
55.6%
Second 3-Letter WordAGE
55.4%
Second 3-Letter WordWAN
55.2%
Second 3-Letter WordRAH
54.3%
5-Letter WordNORAH
53.4%
Second 3-Letter WordLOY
53%
5-Letter WordALLOY
52.2%
5-Letter WordROWAN
51.9%
Second 3-Letter WordTIC
51.6%
First 3-Letter WordOPT
50.9%
5-Letter WordCAROB
49.7%
Second 3-Letter WordPLY
49%
5-Letter WordIMPLY
48.9%
Second 3-Letter WordETA
48.4%
5-Letter WordOPTIC
48%
Second 3-Letter WordBOT
46%
First 3-Letter WordPIE
44.5%
First 3-Letter WordUSA
44.3%
Second 3-Letter WordITO
42.5%
First 3-Letter WordERG
41.6%
5-Letter WordERGOT
40.2%
5-Letter WordPIETÁ
39.1%
5-Letter WordUSAGE
38.6%
5-Letter WordJABOT
37.5%
First 3-Letter WordQUI
35%
5-Letter WordQUITO
32.5%

You're not logged in!

Compare scores with friends on all Sporcle quizzes.
Join for Free
OR
Log In

You Might Also Like...

Show Comments

Extras

Top Quizzes Today


Score Distribution

Your Account Isn't Verified!

In order to create a playlist on Sporcle, you need to verify the email address you used during registration. Go to your Sporcle Settings to finish the process.

Report this User

Report this user for behavior that violates our Community Guidelines.

Details: